Contemporary American Federalism : (Record no. 11720)
[ view plain ]
| 000 -LEADER | |
|---|---|
| fixed length control field | 01026cam a22002652 4500 |
| 001 - CONTROL NUMBER | |
| control field | 0000025458 |
| 005 - DATE AND TIME OF LATEST TRANSACTION | |
| control field | 20151217154546.0 |
| 008 - FIXED-LENGTH DATA ELEMENTS--GENERAL INFORMATION | |
| fixed length control field | 150924s xx 000 0 eng d |
| 040 ## - CATALOGING SOURCE | |
| Original cataloging agency | KABU |
| Transcribing agency | KABU |
| 100 1# - MAIN ENTRY--PERSONAL NAME | |
| Personal name | Zimmerman, Joseph F. |
| -- | 0000186106 |
| 245 10 - TITLE STATEMENT | |
| Title | Contemporary American Federalism : |
| Remainder of title | The growth of national power / |
| Statement of responsibility, etc. | by Joseph F. Zimmerman. |
| 250 ## - EDITION STATEMENT | |
| Edition statement | 2nd ed. |
| 260 ## - PUBLICATION, DISTRIBUTION, ETC. (IMPRINT) | |
| Place of publication, distribution, etc. | New York : |
| Name of publisher, distributor, etc. | SUNY, |
| Date of publication, distribution, etc. | 2008. |
| 300 ## - PHYSICAL DESCRIPTION | |
| Extent | xi, 254 p. |
| 650 #0 - SUBJECT ADDED ENTRY--TOPICAL TERM | |
| Topical term or geographic name as entry element | Federal government |
| General subdivision | United States. |
| -- | 0000186107 |
| 852 1# - LOCATION | |
| -- | P4500KES |
| 852 1# - LOCATION | |
| -- | P4500KES |
| 852 1# - LOCATION | |
| -- | P4500KES |
| 852 1# - LOCATION | |
| -- | P4500KES |
| 852 1# - LOCATION | |
| -- | P4500KES |
| 852 1# - LOCATION | |
| -- | P4500KES |
| 852 1# - LOCATION | |
| -- | P4500KES |
| 908 ## - PUT COMMAND PARAMETER (RLIN) | |
| Put command parameter | 150924 |
| 950 ## - LOCAL HOLDINGS (RLIN) | |
| -- | 1 |
| Withdrawn status | Lost status | Source of classification or shelving scheme | Not for loan | Home library | Current library | Date acquired | Total Checkouts | Full call number | Barcode | Date last seen | Date last checked out | Price effective from | Koha item type |
|---|---|---|---|---|---|---|---|---|---|---|---|---|---|
| Library of Congress Classification | Kabarak, Main Campus | Kabarak, Main Campus | 17/12/2015 | 1 | JK325 .Z56 2008 C.1 | 020774 | 18/07/2016 | 04/07/2016 | 17/12/2015 | General Collection | |||
| Library of Congress Classification | Kabarak, Main Campus | Kabarak, Main Campus | 17/12/2015 | JK325 .Z56 2008 C.2 | 020777 | 17/12/2015 | 17/12/2015 | General Collection | |||||
| Library of Congress Classification | Kabarak, Main Campus | Kabarak, Main Campus | 17/12/2015 | JK325 .Z56 2008 C.3 | 020779 | 17/12/2015 | 17/12/2015 | General Collection | |||||
| Library of Congress Classification | Kabarak, Main Campus | Kabarak, Main Campus | 17/12/2015 | JK325 .Z56 2008 C.4 | 020775 | 17/12/2015 | 17/12/2015 | General Collection | |||||
| Library of Congress Classification | Kabarak, Main Campus | Kabarak, Main Campus | 17/12/2015 | JK325 .Z56 2008 C.5 | 020772 | 17/12/2015 | 17/12/2015 | General Collection | |||||
| Library of Congress Classification | Kabarak, Main Campus | Kabarak, Main Campus | 17/12/2015 | JK325 .Z56 2008 C.6 | 020776 | 17/12/2015 | 17/12/2015 | General Collection | |||||
| Library of Congress Classification | Kabarak, Main Campus | Kabarak, Main Campus | 17/12/2015 | JK325 .Z56 2008 C.7 | 020778 | 17/12/2015 | 17/12/2015 | General Collection |